Statistics for San Jose Sharks Leaders

Click here to take the quiz!

General Stats

  • This quiz has been taken 100 times
    (57 since last reset)
  • The average score is 13 of 36

Answer Stats

Answer% Correct
Joe Thornton
97%
Scott Thornton
97%
Joe Pavelski
92%
Patrick Marleau
92%
Brent Burns
89%
Logan Couture
84%
Tomas Hertl
71%
Marc-Edouard Vlasic
68%
Owen Nolan
63%
Jonathan Cheechoo
55%
Dan Boyle
45%
Dany Heatley
34%
Mike Ricci
34%
Justin Braun
32%
Marco Sturm
32%
Teemu Selanne
32%
Jeff Friesen
26%
Mike Rathje
26%
Milan Michalek
26%
Devin Setoguchi
24%
Pat Falloon
24%
Vincent Damphousse
24%
Douglas Murray
21%
Rob Blake
21%
Martin Havlat
18%
Ryane Clowe
18%
Brad Stuart
16%
Scott Hannan
16%
Bryan Marchment
13%
Gary Suter
11%
Nisse Ekman
11%
Alexander Korolyuk
8%
Marcus Ragnarsson
8%
Paul Martin
5%
Todd Harvey
5%
Tom Preissing
0%

Score Distribution

Percentile by Number Answered

Percent of People with Each Score

Your Score History

You have not taken this quiz since the last reset